| 000 | 00562nam a2200217Ia 4500 | ||
|---|---|---|---|
| 001 | 1790 | ||
| 005 | 20240113233515.0 | ||
| 007 | ta | ||
| 008 | 050211s1931 a g b000 u eng u | ||
| 040 | _aRef. stack | ||
| 041 | _aeng | ||
| 082 |
_a652.452 _bGo 69 Re |
||
| 100 | _aGoswami, D . | ||
| 245 | 0 |
_aReport : Kamrup Anusandhan Samiti / _cD.Goswami. _hReports |
|
| 260 |
_aAssam : _bK.A.S.Publication , _c1931. |
||
| 300 |
_a49p. : _bill ; _c21cm. . |
||
| 653 | _aReport - Kamrup Anusandhan Samiti | ||
| 942 |
_2ddc _cBK |
||
| 999 |
_c1785 _d1785 |
||